Gliboke lito

Podrobná bibliografia
Hlavný autor: Pado, Juraj, 1922-2010 (Autor)
Médium: Článok
Jazyk:ukrajinčina

MARC

LEADER 00000nab a2200000 a 4500
001 vtls010807799
003 SK-MaSNL
005 20260303132909.0
008 230218s1962 xo |||||||||||||||||ukr|
035 |a (urnnbn)urn:nbn:sk:snk:ar-005sje 
035 |a (uuid)89bbfe8e-0765-4c78-b3c9-68d5eb15f704 
035 |a urn:nbn:sk:snk-ab36zv 
040 |a SNKBUCL  |b slo  |c SNKBUCL  |e AACR2 
041 0 |a ukr 
044 |a xo  |c SK 
100 1 |a Pado, Juraj,  |d 1922-2010  |4 aut  |9 133221 
245 1 0 |a Gliboke lito  |c Juraj Pado 
773 0 |t Duklja : literaturno-chudožnij ta hromads'ko-polityčnyj al'manach  |g Roč. 10, č. 1 (1962), s. 17 
958 |a OND 
958 |a EUIPO 
958 |a article2 
999 |c 1954021  |d 1955951